• 首页
  • 本馆介绍
  • 公告通知
  • 最新文献
  • 馆藏检索
  • 电子资源
  • 读者导购
  • 参考咨询
  • 我的图书馆
  • 登录
  • 详细信息显示
  • 放入我的书架
  • 预约/预借图书
  • 作者相关作品
  • 分类相关作品
  • 丛书相关作品
  • 出版社相关作品

书目信息

  • 表格格式
  • 工作单格式
  • 卡片格式
题名:
小商品流通与旅游饮食企业会计实务
    
 
作者: 游成梅 , 张爱美 , 胡柏林 编著
分册:  
出版信息: 北京   中国市场出版社  2005.01
页数: 383页
开本: 21cm
丛书名:
单 册:
中图分类: F715.51 , F719
科图分类:
主题词: 商业会计 , 旅游业--会计 , 旅游业 , 第三产业 , 第三产业--会计
电子资源:
ISBN: 7-80155-693-3
000 01061nam0 2200301 450
001 002871737
005 20050708144829.0
010    @a7-80155-693-3@dCNY25.00
100    @a20100913d2005 em y0chiy0110 ea
101 0  @achi
102    @aCN@b110000
105    @ay z 000yy
200 1  @a小商品流通与旅游饮食企业会计实务@Axiao shang pin liu tong yu lv you yin shi qi ye kuai ji shi wu@f游成梅,张爱美,胡柏林编著
210    @a北京@c中国市场出版社@d2005.01
215    @a383页@d21cm
330    @a本书以《企业会计准则》、《小企业会计制度》为依据编写,在遵从这些制度的同时,力求对小商品流通企业、小旅游饮食企业的会计核算与帐务处理方面的具体方法和技巧进行解释和说明,并以实例介绍了会计核算的全过程。
606 0  @a商业会计
606 0  @a旅游业@x会计
606 0  @a旅游业
606 0  @a第三产业
606 0  @a第三产业@x会计
690    @aF715.51@v5
690    @aF719@v5
701  0 @a游成梅@Ayou cheng mei@4编著
701  0 @a张爱美@Azhang ai mei@4编著
701  0 @a胡柏林@Ahu bo lin@c(会计)@4编著
905    @aBZT@dF715.51@e6
906    @dCNY25.00@n0@r1
    
    小商品流通与旅游饮食企业会计实务/游成梅,张爱美,胡柏林编著.-北京:中国市场出版社,2005.01
    383页;21cm
    
    
    ISBN 7-80155-693-3:CNY25.00
    本书以《企业会计准则》、《小企业会计制度》为依据编写,在遵从这些制度的同时,力求对小商品流通企业、小旅游饮食企业的会计核算与帐务处理方面的具体方法和技巧进行解释和说明,并以实例介绍了会计核算的全过程。
●
相关链接 在五车中查询图书 在当当中查询图书 在豆瓣中查询图书


正题名:小商品流通与旅游饮食企业会计实务     索取号:F715.51/6         预约/预借

序号 登录号 条形码 馆藏地/架位号 状态 备注
1 763428   2000763428   中心书库北库/ 北库038架B面5列4层11/ [索取号:F715.51/6] 在馆    
2 763429   2000763429   中心书库北库/ 北库038架B面5列4层12/ [索取号:F715.51/6] 在馆    
3 763430   2000763430   中心书库北库/ 北库038架B面5列4层13/ [索取号:F715.51/6] 在馆    
4 763431   2000763431   中心书库北库/ 北库038架B面5列4层14/ [索取号:F715.51/6] 在馆    
5 763432   2000763432   中心书库北库/ 北库038架B面5列4层15/ [索取号:F715.51/6] 在馆    
6 763433   2000763433   中心书库北库/ 北库038架B面5列4层16/ [索取号:F715.51/6] 在馆    
7 763434   2000763434   中心书库北库/ 北库038架B面5列4层17/ [索取号:F715.51/6] 在馆    
8 763435   2000763435   中心书库北库/ 北库038架B面5列4层18/ [索取号:F715.51/6] 在馆    
9 763436   2000763436   中心书库北库/ 北库038架B面5列4层19/ [索取号:F715.51/6] 在馆    
10 763437   2000763437   中心书库北库/ 北库038架B面5列4层20/ [索取号:F715.51/6] 在馆    
山东省滨州职业学院图书馆 欢迎您!
大连网信软件有限公司© 版权所有